000 01176nam a2200313 a 4500
001 1206
003 BR-CuiBMT
005 20231204230756.0
008 231109s2008 spb 001 0 por d
020 _a9788502068377
040 _aBR-CuiBMT
_cBR-CuiBMT
080 _22007
_a342.9
090 _a342.9
_bL514
_c4. ed.
245 0 0 _aLegislação administrativa /
_cobra coletiva de autoria da Editora Saraiva com a colaboração de Antonio Luiz de Toledo Pinto, Márcia Cristina Vaz dos Santos Windt e Livia Céspedes.
250 _a4. ed.
260 _aSão Paulo :
_bSaraiva,
_c2008.
300 _axxiii, 945 p. ;
_c21 cm
490 1 _aColeção Saraiva de legislação
500 _aInclui índice.
650 _aDireito administrativo
_vLegislação
_zBrasil
650 _aAdministração pública
_vLegislação
_zBrasil
650 _aAgências reguladoras
_vLegislação
_zBrasil
650 _aProbidade administrativa
_vLegislação
_zBrasil
700 1 _aPinto, Antônio Luiz de Toledo
_4org.
700 1 _aWindt, Márcia Cristina Vaz dos Santos
_4org.
700 1 _aCéspedes, Livia
_4org.
830 0 _aColeção Saraiva de legislação
942 _2udc
_cLV
999 _c1206
_d1206